<?xml version="1.0" encoding="UTF-8"?>
<marc:record xmlns:marc="http://www.loc.gov/MARC21/slim">
   <marc:leader>00000nam a2200000 a 4500</marc:leader>
   <marc:datafield ind1="1" ind2=" " tag="100">
      <marc:subfield code="a">Ohr, Jan Ole</marc:subfield>
      <marc:subfield code="4">aut</marc:subfield>
      <marc:subfield code="e">Verfasser/-in</marc:subfield>
   </marc:datafield>
   <marc:datafield ind1=" " ind2=" " tag="653">
      <marc:subfield code="a">Motorradsport</marc:subfield>
   </marc:datafield>
   <marc:datafield ind1=" " ind2=" " tag="653">
      <marc:subfield code="a">Radsport</marc:subfield>
   </marc:datafield>
   <marc:datafield ind1=" " ind2=" " tag="653">
      <marc:subfield code="a">Flugsport</marc:subfield>
   </marc:datafield>
   <marc:datafield ind1=" " ind2=" " tag="653">
      <marc:subfield code="a">radsport geschenk buch</marc:subfield>
   </marc:datafield>
   <marc:datafield ind1=" " ind2=" " tag="653">
      <marc:subfield code="a">rennrad touren planen</marc:subfield>
   </marc:datafield>
   <marc:datafield ind1=" " ind2=" " tag="653">
      <marc:subfield code="a">radsport ziele setzen</marc:subfield>
   </marc:datafield>
   <marc:datafield ind1=" " ind2=" " tag="653">
      <marc:subfield code="a">fahrrad bücher</marc:subfield>
   </marc:datafield>
   <marc:datafield ind1=" " ind2=" " tag="653">
      <marc:subfield code="a">rennradfahren herausforderungen</marc:subfield>
   </marc:datafield>
   <marc:datafield ind1=" " ind2=" " tag="653">
      <marc:subfield code="a">fahrrad geschenkideen</marc:subfield>
   </marc:datafield>
   <marc:datafield ind1=" " ind2=" " tag="653">
      <marc:subfield code="a">rennrad anfänger</marc:subfield>
   </marc:datafield>
   <marc:datafield ind1=" " ind2=" " tag="653">
      <marc:subfield code="a">rennrad bücher</marc:subfield>
   </marc:datafield>
   <marc:datafield ind1=" " ind2=" " tag="653">
      <marc:subfield code="a">rennrad fortgeschrittene</marc:subfield>
   </marc:datafield>
   <marc:datafield ind1=" " ind2=" " tag="653">
      <marc:subfield code="a">hobby rennrad fahren</marc:subfield>
   </marc:datafield>
   <marc:datafield ind1=" " ind2=" " tag="653">
      <marc:subfield code="a">rennrad motivation buch</marc:subfield>
   </marc:datafield>
   <marc:datafield ind1=" " ind2=" " tag="653">
      <marc:subfield code="a">tipps lange radtouren</marc:subfield>
   </marc:datafield>
   <marc:datafield ind1=" " ind2=" " tag="653">
      <marc:subfield code="a">beste rennrad touren buch</marc:subfield>
   </marc:datafield>
   <marc:datafield ind1=" " ind2=" " tag="653">
      <marc:subfield code="a">rennradziele entdecken</marc:subfield>
   </marc:datafield>
   <marc:datafield ind1=" " ind2=" " tag="653">
      <marc:subfield code="a">herausforderungen rennradfahrer</marc:subfield>
   </marc:datafield>
   <marc:datafield ind1=" " ind2=" " tag="653">
      <marc:subfield code="a">radsport buch geschenk männer</marc:subfield>
   </marc:datafield>
   <marc:datafield ind1=" " ind2=" " tag="653">
      <marc:subfield code="a">rennrad geschenk bücher frauen</marc:subfield>
   </marc:datafield>
   <marc:datafield ind1=" " ind2=" " tag="653">
      <marc:subfield code="a">rennrad buch alpen</marc:subfield>
   </marc:datafield>
   <marc:datafield ind1=" " ind2=" " tag="653">
      <marc:subfield code="a">langstrecken radfahren buch</marc:subfield>
   </marc:datafield>
   <marc:datafield ind1=" " ind2=" " tag="653">
      <marc:subfield code="a">radeln buch</marc:subfield>
   </marc:datafield>
   <marc:datafield ind1=" " ind2=" " tag="653">
      <marc:subfield code="a">Ratgeber</marc:subfield>
   </marc:datafield>
   <marc:datafield ind1="0" ind2="0" tag="245">
      <marc:subfield code="a">Bucket List für Rennradfahrer</marc:subfield>
   </marc:datafield>
   <marc:datafield ind1="0" ind2="0" tag="245">
      <marc:subfield code="b">das große Rennrad Buch für Radfahrer - 100 Abenteuer und Erlebnisse, die jeder Radsport Enthusiast erlebt haben muss</marc:subfield>
   </marc:datafield>
   <marc:datafield ind1="0" ind2="0" tag="245">
      <marc:subfield code="c">Jan Ole Ohr</marc:subfield>
   </marc:datafield>
   <marc:datafield ind1=" " ind2="1" tag="264">
      <marc:subfield code="a">Hamburg</marc:subfield>
      <marc:subfield code="b">Eulogia Verlag</marc:subfield>
      <marc:subfield code="c">2024</marc:subfield>
   </marc:datafield>
   <marc:datafield ind1=" " ind2=" " tag="250">
      <marc:subfield code="a">Originale Erstausgabe</marc:subfield>
   </marc:datafield>
   <marc:datafield ind1="1" ind2=" " tag="520">
      <marc:subfield code="a">
Die Rennrad Bucket List – 100 Herausforderungen für wahre Rennrad-Enthusiasten

Die Rennrad Bucket List – 100 Herausforderungen für wahre Rennrad-Enthusiasten

Bist du bereit, deine Leidenschaft fürs Rennradfahren auf ein neues Abenteuer zu schicken? Ob als persönlicher Motivator oder als perfektes Geschenk für begeisterte Radsportler – Die Rennrad Bucket List ist dein unverzichtbarer Begleiter, um deine Fahrkünste zu verbessern, neue Ziele zu setzen und das volle Potenzial deiner Radsportleidenschaft zu entfalten.

Dein ultimativer Radsport-Reiseführer:

100 abwechslungsreiche Herausforderungen: Von der ersten 100-km-Tour bis hin zu epischen Abenteuern wie dem Bezwingen des Passo dello Stelvio – jede Aufgabe ist darauf ausgelegt, deinen Fahrspaß und deine Fähigkeiten zu steigern.

Praktische Tipps und Techniken: Erhalte wertvolle Ratschläge zur Radtechnik, Sicherheit auf verschiedenen Strecken und zur optimalen Vorbereitung – damit du jede Tour souverän meisterst.

Ausrüstungsratgeber: Entdecke alles, was du über die richtige Rennradausrüstung, Pflegehinweise und Empfehlungen für ein sicheres Fahrerlebnis wissen musst.

Unvergessliche Erlebnisse: Erkunde atemberaubende Radwege und malerische Küstenstraßen, die dein Radsporterlebnis unvergesslich machen – egal, ob du alleine, mit Freunden oder in der Gemeinschaft von Gleichgesinnten unterwegs bist.

Für wen ist dieses Buch gemacht?

Die Rennrad Bucket List richtet sich an alle Radsportbegeisterten – egal, ob du gerade erst in den Sport einsteigst oder bereits viele Kilometer hinter dir hast. Dieses Buch ist das ideale Geschenk für jeden, der die Faszination des Rennradfahrens liebt und stets nach neuen Herausforderungen sucht, um sich selbst zu übertreffen.

Schnall deinen Helm fest, mach dich bereit und erlebe die Freiheit auf zwei Rädern – denn jede Herausforderung bringt dich deinem nächsten großen Raderlebnis ein Stück näher!

</marc:subfield>
   </marc:datafield>
   <marc:datafield ind1=" " ind2=" " tag="020">
      <marc:subfield code="a">9783969675397</marc:subfield>
      <marc:subfield code="9">9783969675397</marc:subfield>
   </marc:datafield>
   <marc:datafield ind1=" " ind2=" " tag="020">
      <marc:subfield code="a">3969675391</marc:subfield>
      <marc:subfield code="9">3969675391</marc:subfield>
   </marc:datafield>
   <marc:datafield ind1=" " ind2=" " tag="041">
      <marc:subfield code="a">ger</marc:subfield>
   </marc:datafield>
   <marc:datafield ind1=" " ind2=" " tag="300">
      <marc:subfield code="a">115 Seiten</marc:subfield>
   </marc:datafield>
</marc:record>
